Embodying Motherhood: (Record no. 204513)

MARC details
000 -LEADER
fixed length control field 00750 a2200229 4500
003 - CONTROL NUMBER IDENTIFIER
control field dpl
005 - DATE AND TIME OF LATEST TRANSACTION
control field 20240726142004.0
008 - FIXED-LENGTH DATA ELEMENTS--GENERAL INFORMATION
fixed length control field 240726b |||||||| |||| 00| 0 eng d
010 ## - LIBRARY OF CONGRESS CONTROL NUMBER
LC control number ENG-141010
020 ## - INTERNATIONAL STANDARD BOOK NUMBER
International Standard Book Number 9789351508939
Terms of availability 795.00
035 ## - SYSTEM CONTROL NUMBER
System control number EN-124542
037 ## - SOURCE OF ACQUISITION
Source of stock number/acquisition DBAD
040 ## - CATALOGING SOURCE
Transcribing agency 0
082 14 - DEWEY DECIMAL CLASSIFICATION NUMBER
Classification number 306.8743
Edition number 1
100 1# - MAIN ENTRY--PERSONAL NAME
Personal name Aneja, Anu
9 (RLIN) 68964
245 1# - TITLE STATEMENT
Title Embodying Motherhood:
Remainder of title Perspective from Contemporary India/
Statement of responsibility, etc by Anu Aneja [and] Shubhangi Vaidya
260 ## - PUBLICATION, DISTRIBUTION, ETC. (IMPRINT)
Place of publication, distribution, etc New Delhi
Name of publisher, distributor, etc Sage Publications
Date of publication, distribution, etc 2016
270 ## - ADDRESS
Address B1/11, Mohan Cooperative Industrial Area, Mathura Road
City New Delhi
Postal code 110 044
300 ## - PHYSICAL DESCRIPTION
Extent xxviii,219p.
Dimensions 22cm(hb)
700 ## - ADDED ENTRY--PERSONAL NAME
Personal name Vaidya, Shubhangi
9 (RLIN) 68969
942 ## - ADDED ENTRY ELEMENTS (KOHA)
Institution code [OBSOLETE] dpl
Koha item type English Books
Source of classification or shelving scheme Dewey Decimal Classification
Classification part 306.8743
Call number suffix ANE
Holdings
Withdrawn status Lost status Source of classification or shelving scheme Damaged status Not for loan Collection code Home library Current library Date acquired Source of acquisition Cost, normal purchase price Total Checkouts Full call number Barcode Date last seen Copy number Cost, replacement price Price effective from Koha item type
    Dewey Decimal Classification     Non-fiction Patel Nagar Patel Nagar 26/07/2024 DBAD 795.00   306.8743 ANE EN-124542 26/07/2024 1 795.00 26/07/2024 English Books

© Delhi Public Library
Hit Counter
free hit counter